| 000 | 00548nam a2200205Ia 4500 | ||
|---|---|---|---|
| 005 | 20260429111937.0 | ||
| 008 | 260429s9999||||xx |||||||||||||| ||und|| | ||
| 020 | _a9789394137530 | ||
| 041 | _aEnglish | ||
| 082 |
_a572 _bJAM |
||
| 100 | _aJamal, Md. Arshad | ||
| 245 | 0 |
_aTools of biochemistry / _cMd. Arshad Jamal |
|
| 250 | _a1st ed. | ||
| 260 |
_aNew Delhi : _bRandom Publications LLP, _c2024. |
||
| 300 | _ax, 288 p.; hb | ||
| 650 | _a Laboratory techniques | ||
| 650 | _a Molecular biology | ||
| 650 | _aBiochemistry | ||
| 942 | _cTB | ||
| 999 |
_c51550 _d51550 |
||